[Event "Harburg-chD 14th"]
[Site "Hamburg"]
[Date "2019.07.28"]
[Round "5.2"]
[White "Kaiser, Guenter"]
[Black "Frenz Evers, Hartmut"]
[Result "1/2-1/2"]
[WhiteElo "1704"]
[BlackElo "1595"]
[PlyCount "71"]
[EventDate "2019.07.26"]
[EventType "tourn"]
[EventRounds "5"]
[EventCountry "GER"]
[SourceTitle "EXT 2020"]
[Source "ChessBase"]
[SourceDate "2019.10.17"]
[SourceVersion "1"]
[SourceVersionDate "2019.10.17"]
[SourceQuality "1"]

1. d4 Nf6 2. c4 g6 3. Nf3 Bg7 4. Nc3 d6 5. h3 0-0 6. e3 Nbd7 7. Bd3 Re8 8. Qc2 b6 9. Ne4 Bb7 10. Nxf6+ exf6 11. Be2 Rc8 12. b4 f5 13. Bb2 Nf6 14. d5 c6 15. Qb3 cxd5 16. Bxf6 Bxf6 17. Rd1 dxc4 18. Bxc4 Re7 19. Be2 Bc3+ 20. Kf1 Rec7 21. g3 Bg7 22. Kg2 Rc3 23. Qa4 Ra8 24. Rc1 Qe8 25. Qd1 Rxc1 26. Qxc1 Qc6 27. Qxc6 Bxc6 28. Kh2 Bd5 29. a3 Rc8 30. Rd1 Rc2 31. Rxd5 Rxe2 32. Kg2 Ra2 33. Rd3 Kf8 34. Nd4 Bxd4 35. exd4 Ke7 36. d5 1/2-1/2

[Event "Harburg-chE 13th"]
[Site "Hamburg"]
[Date "2018.08.04"]
[Round "3"]
[White "Eppler, Alexander"]
[Black "Frenz Evers, Hartmut"]
[Result "1/2-1/2"]
[WhiteElo "1502"]
[BlackElo "1633"]
[PlyCount "75"]
[EventDate "2018.08.03"]
[EventType "tourn"]
[EventRounds "5"]
[EventCountry "GER"]
[SourceTitle "EXT 2019"]
[Source "ChessBase"]
[SourceDate "2018.10.10"]
[SourceVersion "1"]
[SourceVersionDate "2018.10.10"]
[SourceQuality "1"]

1. d4 Nf6 2. Bf4 g6 3. Nf3 Bg7 4. c3 d6 5. e3 0-0 6. Bd3 b6 7. Nbd2 Bb7 8. h4 Nbd7 9. Qc2 Rc8 10. 0-0-0 c5 11. Rhg1 cxd4 12. exd4 Nd5 13. Be3 Nb4 14. Qb1 Nxd3+ 15. Qxd3 Nf6 16. Ng5 Qd7 17. Nge4 Qa4 18. Kb1 Ba6 19. Qc2 Qxc2+ 20. Kxc2 Bb7 21. Nxf6+ Bxf6 22. g3 Rc7 23. Nb3 Rfc8 24. Bg5 Bxg5 25. hxg5 Bf3 26. Rde1 Kf8 27. Re3 Bg4 28. f3 Be6 29. f4 Bf5+ 30. Kd2 d5 31. Re2 Kg7 32. Rge1 e6 33. Rh2 Rh8 34. a3 Rcc8 35. Ree2 Bg4 36. Ref2 Bf5 37. a4 Bb1 38. Rf1 1/2-1/2

[Event "Harburg-chG 9th"]
[Site "Hamburg"]
[Date "2011.08.19"]
[Round "1"]
[White "Eschweiler, Markus"]
[Black "Frenz Evers, Hartmut"]
[Result "1-0"]
[WhiteElo "1481"]
[BlackElo "1482"]
[PlyCount "116"]
[EventDate "2011.08.19"]
[EventType "tourn"]
[EventRounds "5"]
[EventCountry "GER"]
[SourceTitle "EXT 2012"]
[Source "ChessBase"]
[SourceDate "2011.11.24"]
[SourceVersion "1"]
[SourceVersionDate "2011.11.24"]
[SourceQuality "1"]

1. c4 e5 2. Nc3 Nf6 3. Nf3 d6 4. d4 exd4 5. Nxd4 Be7 6. e4 Bd7 7. Be2 Nc6 8. Be3 Nxd4 9. Qxd4 0-0 10. h3 Bc6 11. Rd1 Nd7 12. Nd5 Bf6 13. Nxf6+ Qxf6 14. 0-0 Qg6 15. f3 a6 16. b4 b5 17. Qc3 Rfc8 18. Kh2 Nf8 19. Bd3 Qe6 20. Bd4 f6 21. Rde1 Qd7 22. Re2 Ne6 23. Be3 Rd8 24. Qc2 Nf8 25. Rfe1 Kh8 26. f4 Ng6 27. e5 bxc4 28. Bxg6 hxg6 29. exf6 gxf6 30. Qxg6 Qg7 31. Qxg7+ Kxg7 32. Bd4 Rd7 33. Re7+ Kg6 34. g4 Rxe7 35. Rxe7 Re8 36. Rxc7 Re2+ 37. Kg3 Bd5 38. Kh4 Bf7 39. f5+ Kg7 40. a3 Re4 41. Bb2 Re2 42. Bc1 Ra2 43. g5 fxg5+ 44. Kxg5 Rg2+ 45. Kh4 Rf2 46. Kg4 Rg2+ 47. Kf3 Rc2 48. Bg5 Rc3+ 49. Kg4 Rxa3 50. f6+ Kg6 51. h4 Be6+ 52. Kf4 Bf7 53. h5+ Kxh5 54. Rxf7 c3 55. Rd7 c2 56. Kf5 Rf3+ 57. Ke6 Rf1 58. f7 c1Q 1-0

[Event "Harburg-chH 8th"]
[Site "Hamburg"]
[Date "2010.08.21"]
[Round "3"]
[White "Frenz Evers, Hartmut"]
[Black "Von Malottki, Robin"]
[Result "0-1"]
[WhiteElo "1468"]
[BlackElo "1426"]
[PlyCount "124"]
[EventDate "2010.08.20"]
[EventType "tourn"]
[EventRounds "5"]
[EventCountry "GER"]
[SourceTitle "EXT 2012"]
[Source "ChessBase"]
[SourceDate "2011.11.24"]
[SourceVersion "1"]
[SourceVersionDate "2011.11.24"]
[SourceQuality "1"]

1. e4 c5 2. Nf3 d6 3. Bc4 Nf6 4. d3 Nc6 5. Bg5 e6 6. Nbd2 Be7 7. 0-0 0-0 8. c3 Qb6 9. Qb3 Re8 10. Qxb6 axb6 11. Bb5 Bd7 12. Nc4 Ne5 13. Bxd7 Nexd7 14. Bxf6 gxf6 15. a3 b5 16. Ncd2 Bf8 17. Rad1 Ra4 18. Rfe1 Bh6 19. h4 Kf8 20. Nh2 Ne5 21. Ndf3 Ke7 22. Nxe5 fxe5 23. Ng4 Bg7 24. Ne3 b6 25. Rf1 Rg8 26. Kh1 Bh6 27. Rde1 Rf8 28. Ng4 Bg7 29. f4 exf4 30. Rxf4 h5 31. Ne3 Be5 32. Rf3 Rg8 33. Ref1 Rg7 34. Rh3 Ra8 35. Rf2 Rag8 36. Nf1 Rg4 37. Re2 Rf4 38. Kg1 Bf6 39. Rf2 Rxh4 40. Rhf3 Rg6 41. Nd2 Rhg4 42. Kh1 Rg3 43. Rxg3 Rxg3 44. Nf3 h4 45. Rd2 h3 46. Ng1 hxg2+ 47. Rxg2 Rxg2 48. Kxg2 b4 49. axb4 cxb4 50. Ne2 bxc3 51. bxc3 Kd7 52. Kf2 Kc6 53. Ke1 b5 54. Kd2 d5 55. exd5+ Kxd5 56. Nf4+ Kc5 57. Nh5 Bg5+ 58. Kc2 b4 59. Ng3 f5 60. Ne2 bxc3 61. Kxc3 f4 62. Nd4 Bf6 0-1

[Event "Harburg-chH 8th"]
[Site "Hamburg"]
[Date "2010.08.20"]
[Round "1"]
[White "Grube, Bernd"]
[Black "Frenz Evers, Hartmut"]
[Result "1/2-1/2"]
[WhiteElo "1421"]
[BlackElo "1468"]
[PlyCount "56"]
[EventDate "2010.08.20"]
[EventType "tourn"]
[EventRounds "5"]
[EventCountry "GER"]
[SourceTitle "EXT 2012"]
[Source "ChessBase"]
[SourceDate "2011.11.24"]
[SourceVersion "1"]
[SourceVersionDate "2011.11.24"]
[SourceQuality "1"]

1. d4 Nf6 2. c4 g6 3. Nf3 Bg7 4. Nc3 d5 5. e3 0-0 6. b3 c6 7. a4 Bg4 8. Be2 Qa5 9. Bd2 Ne8 10. Nxd5 Qd8 11. Nc3 Nd7 12. h3 Bxf3 13. Bxf3 Nc7 14. Qc2 Rb8 15. Rd1 e6 16. Bc1 Qe7 17. 0-0 Nf6 18. e4 Rfd8 19. Bf4 Nfe8 20. d5 Qf6 21. Bxc7 Nxc7 22. Ne2 exd5 23. exd5 cxd5 24. cxd5 Qd6 25. Qc4 Be5 26. Rd3 Ne6 27. b4 Ng5 28. Rfd1 Nxf3+ 1/2-1/2

[Event "Niedersachsen-ch op"]
[Site "Verden"]
[Date "2009.01.05"]
[Round "5"]
[White "Schwenteck, Peter"]
[Black "Frenz Evers, Hartmut"]
[Result "1/2-1/2"]
[WhiteElo "1760"]
[BlackElo "1342"]
[PlyCount "54"]
[EventDate "2009.01.03"]
[EventType "swiss"]
[EventRounds "7"]
[EventCountry "GER"]
[SourceTitle "EXT 2012"]
[Source "ChessBase"]
[SourceDate "2011.11.24"]
[SourceVersion "1"]
[SourceVersionDate "2011.11.24"]
[SourceQuality "1"]

1. d4 d5 2. Nf3 Nf6 3. Nbd2 Bf5 4. e3 e6 5. c4 c6 6. cxd5 cxd5 7. Bb5+ Nbd7 8. Qb3 a6 9. Be2 Rb8 10. Nh4 Bg4 11. f3 Bh5 12. g3 Bd6 13. Ng2 g5 14. Nf1 Qb6 15. Qxb6 Nxb6 16. g4 Bg6 17. h4 gxh4 18. Nxh4 Ke7 19. b3 Rbc8 20. Nxg6+ hxg6 21. Rxh8 Rxh8 22. Bd2 Rc8 23. Bd3 Nbd7 24. g5 Nh7 25. f4 Nhf8 26. Nh2 Nb8 27. Ng4 Nfd7 1/2-1/2

[Event "Niedersachsen-ch op"]
[Site "Verden"]
[Date "2009.01.04"]
[Round "4"]
[White "Frenz Evers, Hartmut"]
[Black "Grigorian, Satenik"]
[Result "1-0"]
[WhiteElo "1342"]
[BlackElo "1063"]
[PlyCount "61"]
[EventDate "2009.01.03"]
[EventType "swiss"]
[EventRounds "7"]
[EventCountry "GER"]
[SourceTitle "EXT 2012"]
[Source "ChessBase"]
[SourceDate "2011.11.24"]
[SourceVersion "1"]
[SourceVersionDate "2011.11.24"]
[SourceQuality "1"]

1. e4 e5 2. Nf3 Nf6 3. Nc3 Nc6 4. Bc4 Nxe4 5. Bxf7+ Kxf7 6. Nxe4 Kg8 7. d3 d5 8. Ng3 Bg4 9. h3 Bxf3 10. Qxf3 Nd4 11. Qd1 Qf6 12. c3 Ne6 13. 0-0 Bc5 14. Be3 d4 15. cxd4 exd4 16. Bd2 Rf8 17. Qb3 b6 18. Rae1 Re8 19. Ne4 Qf7 20. Ng5 Nxg5 21. Rxe8+ Bf8 22. Qxf7+ Nxf7 23. Bf4 Nd6 24. Bxd6 cxd6 25. Rfe1 Kf7 26. Ra8 a5 27. Ra7+ Kf6 28. Re8 Rg8 29. Rb7 g5 30. Rxh7 Rg7 31. Rxf8+ 1-0